000 00796nam a2200301 a 4500
003 AR-BaBNM
005 20251128205000.0
008 082120s2002 ||||||||||||||000 | spa||
020 _a950-506-229-X
040 _cAR-BaBNM
245 0 0 _aCancionero tradicional argentino
260 _aBuenos Aires
_bEdicial
_c1994
300 _a397 p.
500 _aGlosario de voces en p. 375
500 _aIndice de adivinanzas en p. 386
504 _aContiene bibliografía en p. 349
650 4 _aLITERATURA POPULAR
650 4 _aPOESIA
650 4 _aFOLKLORE
650 4 _aCOSTUMBRES
650 4 _aCANCIONES FOLKLORICAS
653 _aLITERATURA GAUCHESCA
653 _aROMANCES
655 _aLITERATURA
700 1 _aBecco, Horacio Jorge
_ecompilador
942 _cBK
998 _cisola
999 _c9574
_d9574